ბათუმის შოთა რუსთაველის სახელმწიფო უნივერსიტეტის ბიბლიოთეკა

კარსნისხევის მეთუნე-ხელოსანთა დასახლება / (ბიბ.ჩანაწერი № 60120)

000 -ლიდერი
ფიქსირებული სიგრძის საკონტროლო ველი 01447nam a22002537a 4500
003 - საკონტროლო ნომრის იდენტიფიკატორი
საკონტროლო ველი Ge_BSU
005 - ბოლო ოპერაციის თარიღი და დრო
საკონტროლო ველი 20230609155411.0
008 - ფიქსირებული სიგრძის მონაცემთა ელემენტები - ზოგადი ინფორმაცია
ფიქსირებული სიგრძის საკონტროლო ველი 230609s1993 ge ||||| |||| 00| 0 geo d
020 ## - წიგნის საერთაშორისო სტანდარტული ნომერი
International Standard Book Number 5520014957
041 ## - ენის კოდი
Language code of text/sound track or separate title geo
080 ## - უნივერსალური ათობითი კლასიფიკაციის ინდექსი
Universal Decimal Classification number 903.43(479.22) ნ-63
100 ## - მთავარი ჩანაწერი - პიროვნების სახელი
Personal name ნიკოლაიშვილი, ვახტანგ
9 (RLIN) 13639
245 ## - ცნობა სათაურის შესახებ
Title კარსნისხევის მეთუნე-ხელოსანთა დასახლება /
Statement of responsibility, etc [რედ.: ა. აფაქიძე] ; საქ. რესპ. მკცე. აკად. არქეოლ. კვლევის ცენტრი.
264 ## - წარმოების, გამოცემის, დისტრიბუციის და სხვა ცნობები
გამოცემის, წარმოების, დისტრიბუციის... ადგილი თბილისი :
გამოცემის, წარმოების, დისტრიბუციის... სახელწოდება მეცნიერება,
გამოცემის, წარმოების, დისტრიბუციის... თარიღი 1993.
300 ## - ფიზიკური აღწერა
Extent 119გვ. :
Other physical details ტაბ. ;
Dimensions 20სმ.
504 ## - BIBLIOGRAPHY, ETC. NOTE
Bibliography, etc ბიბლიოგრ.: გვ. 101.
520 ## - SUMMARY, ETC.
Summary, etc რეზ. რუს. და ინგლ. ენ.
653 ## - INDEX TERM--UNCONTROLLED
Uncontrolled term არქეოლოგიური გათხრები მცხეთაში.
653 ## - INDEX TERM--UNCONTROLLED
Uncontrolled term ნამოსახლარები საქართველოში
653 ## - INDEX TERM--UNCONTROLLED
Uncontrolled term მეთუნე-ხელოსანთა დასახლებები საქართველოში.
653 ## - INDEX TERM--UNCONTROLLED
Uncontrolled term მეთუნე-ხელოსანთა დასახლებები საქართველოში.
700 ## - ADDED ENTRY--PERSONAL NAME
Personal name აფაქიძე, ა.
Relator term რედაქტორი
9 (RLIN) 18606
942 ## - ADDED ENTRY ELEMENTS (KOHA)
Source of classification or shelving scheme
Koha item type წიგნი
ეგზემპლარები
ჩამოწერის სტატუსი დაკარგული ეგზემპლარის სტატუსი კლასიფიკაციის წყარო ან თაროზე გაწყობის სქემა დაზიანების სტატუსი არ გაიცემა მუდმივი მდებარეობა (დაცვის ადგილი) ამჟამინდელი ადგილსამყოფელი თაროზე განთავსების ადგილი შეძენის თარიღი ღირებულება, შესყიდვის ნორმალური ფასი სრული შენახვის შიფრი შტრიხკოდი ბოლო ოპერაციის თარიღი ეგზემპლარის მიმდევრობითი ნომერი (კეტერი?) Uniform Resource Identifier ფასის ძალაში შესვლის თარიღი ეგზემპლარის სახეობა საჯარო შენიშვნა
          ბათუმის შოთა რუსთაველის სახელმწიფო უნივერსიტეტის მთავარი ბიბლიოთეკა ბათუმის შოთა რუსთაველის სახელმწიფო უნივერსიტეტის მთავარი ბიბლიოთეკა წიგნსაცავი 2023-06-09 4.00 903.43(479.22) ნ-63 64606 2023-06-09 64606 ბსუ-ს საპატიო დოქტორის გურამ ლორთქიფანიძის საჩუქარი 2023-06-09 წიგნი 4 ლ.